Devine le pays en 3 mots #1 - Statistiques

Statistiques générales
  • Ce quiz a été pris 514 fois
  • Le résultat moyen est 10 sur 10
Statistiques - réponses
3 mots Série % Correct
Tour Eiffel, Baguette, Châteaux France
100%
Pasta, Colisée, Renaissance Italie
100%
Samouraïs, Sushi, Technologie Japon
100%
Kangourou, Outback, Surf Australie
99%
Carnaval, Samba, Football Brésil
99%
Muraille, Pandas, Dynasties Chine
99%
Flamenco, Tapas, Corrida Espagne
99%
Hollywood, Liberté, Gratte-ciel États-Unis
99%
Forêts, Érable, Hiver Canada
97%
Vodka, Sibérie, Kremlin Russie
97%
Aucun quiz correspondant
Distribution des résultats
% des personnes avec chaque résultat
Percentile par nombre de réponses
Votre historique - résultats
Vous n’avez pas pris ce quiz